| 000 | 01035nam a22003257a 4500 | ||
|---|---|---|---|
| 001 | BR0104984 | ||
| 003 | BR-BrBNA | ||
| 005 | 20230928100957.0 | ||
| 007 | ta | ||
| 008 | 230509b bl.||||| |||| 00| 0 por d | ||
| 040 |
_aBR-BrBNA _bpor _cBiblioteca Nacional de Agricultura |
||
| 041 | _a(Por) | ||
| 072 |
_aE70; E71 _b0430 |
||
| 090 | _ 0430 BR0104984 | ||
| 100 | 1 | _aPerobelli, F.S. | |
| 110 | 1 |
_aEscola Superior de Agricultura Luiz de Queiroz, Piracicaba, SP (Brasil) _0Tese (Mestre em Ciencias) |
|
| 245 | 1 | _aAnalise sobre eficiencia em mercados futuros: uma comparacao entre os contratos de algodao em pluma da BM F e da NYBOT | |
| 260 | 3 |
_aPiracicaba, SP (Brasil): _c2001. |
|
| 300 | _a65 p. | ||
| 500 | _aSummaries (Eng, Por); 37 ref.; 11 tables | ||
| 650 | _aAlgodao | ||
| 650 | _aBolsa de Mercadorias | ||
| 650 | _aMercado Mundial | ||
| 650 | _aComercializacao | ||
| 650 | _aEstatistica Comercial | ||
| 650 | _aPreco | ||
| 650 | _aModelo Matematico | ||
| 909 |
_a202309 _bLucia _c55 _dLucia Elande |
||
| 942 | _cBK | ||
| 999 |
_c63680 _d63680 |
||